|
|
|
|
| LEADER |
01547nam a2200337 a 4500 |
| 001 |
15386437 |
| 008 |
130210s2009 njua b 001 0 eng d |
| 010 |
|
|
|a 2008033213
|
| 020 |
|
|
|a 9780471698685 (cloth)
|
| 020 |
|
|
|a 0471698687 (cloth)
|
| 040 |
|
|
|a DLC
|b eng
|c DLC
|d BAKER
|d C#P
|d YDXCP
|d BWX
|d CDX
|d TSU
|d DEBBG
|d OCL
|d OCLCQ
|d DEBSZ
|d COU
|d MOL
|d DLC
|d BD-DhAAL
|
| 082 |
0 |
0 |
|a 300.72/3
|2 22
|
| 100 |
1 |
|
|a Dillman, Don A.,
|d 1941-
|
| 245 |
1 |
0 |
|a Internet, mail, and mixed-mode surveys :
|b the tailored design method /
|c Don A. Dillman, Jolene D. Smyth and Leah Melani Christian.
|
| 250 |
|
|
|a 3rd ed.
|
| 260 |
|
|
|a Hoboken, N.J. :
|b Wiley & Sons,
|c c2009.
|
| 300 |
|
|
|a xii, 499 p. :
|b ill. ;
|c 25 cm.
|
| 500 |
|
|
|a Rev. ed. of: Mail and internet surveys / Don A. Dillman. 2nd ed. c2007.
|
| 504 |
|
|
|a Includes bibliographical references (p. 458-475) and index.
|
| 541 |
1 |
|
|e 00026627
|
| 650 |
|
0 |
|a Social surveys.
|
| 650 |
|
0 |
|a Questionnaires.
|
| 650 |
1 |
2 |
|a Data Collection.
|
| 650 |
1 |
2 |
|a Questionnaires.
|
| 700 |
1 |
|
|a Smyth, Jolene D.
|
| 700 |
1 |
|
|a Christian, Leah Melani.
|
| 700 |
1 |
|
|a Dillman, Don A.,
|d 1941-
|t Mail and internet surveys.
|
| 776 |
0 |
8 |
|i Online version:
|a Dillman, Don A., 1941-
|t Internet, mail, and mixed-mode surveys.
|b 3rd ed.
|d Hoboken, N.J. : Wiley & Sons, c2009
|w (OCoLC)608479315
|
| 852 |
1 |
|
|a Ayesha Abed Library
|j General Shelf.
|
| 999 |
|
|
|c 13182
|d 13182
|
| 952 |
|
|
|0 0
|1 0
|2 ddc
|4 0
|6 300_723000000000000_DIL
|7 0
|9 21949
|a JPGSPH
|b JPGSPH
|c GEN
|d 2013-02-11
|e Karim International
|g 6700.00
|l 0
|o 300.723 DIL
|p 3060026627
|r 2013-02-11
|t 1
|w 2013-02-11
|y BK
|